Programa del curso de Derecho criminal (Record no. 110785)

MARC details
000 -LEADER
campo de control de longitud fija 01074nam a2200241 i 4500
001 - NÚMERO DE CONTROL
campo de control 110785
003 - IDENTIFICADOR DE NÚMERO DE CONTROL
campo de control ES-MaACL
005 - FECHA Y HORA DE LA ÚLTIMA TRANSACCIÓN
campo de control 20250809034607.0
007 - CAMPO FIJO DE DESCRIPCIÓN FÍSICA--INFORMACIÓN GENERAL
campo de control de longitud fija t|
008 - DATOS DE LONGITUD FIJA--INFORMACIÓN GENERAL
campo de control de longitud fija 070125s1922 sp ||||1| spa d
080 ## - NÚMERO DE LA CLASIFICACIÓN DECIMAL UNIVERSAL
Número de la Clasificación Decimal Universal 343(075.8)
100 1# - ENTRADA PRINCIPAL--NOMBRE DE PERSONA
Nombre de persona Carrara, Francesco (
Fechas asociadas al nombre 1805-1888)
9 (RLIN) 35515
245 10 - MENCIÓN DEL TÍTULO
Título Programa del curso de Derecho criminal
Resto del título : desarrollado en la Real Academia de Pisa /
Mención de responsabilidad, etc. por el profesor Francisco Carrara ; traducida de la 10ª edición italiana por la redacción de la Revista General de Legislación y Jurisprudencia.
260 ## - PUBLICACIÓN, DISTRIBUCIÓN, ETC.
Lugar de publicación, distribución, etc. Madrid :
Nombre del editor, distribuidor, etc. Hijos de Reus,
Fecha de publicación, distribución, etc. 1922.
300 ## - DESCRIPCIÓN FÍSICA
Extensión 740 p. ;
Dimensiones 23 cm.
490 1# - MENCIÓN DE SERIE
Mención de serie Biblioteca jurídica de autores españoles y extranjeros ;
Designación de volumen o secuencia 49
505 8# - NOTA DE CONTENIDO CON FORMATO
Nota de contenido con formato Contiene: t. 1. Parte general/ adicionada con el derecho penal moderno y español por Luis Jiménez de Asúa
650 07 - PUNTO DE ACCESO ADICIONAL DE MATERIA--TÉRMINO DE MATERIA
Término de materia o nombre geográfico como elemento de entrada Derecho penal
Fuente del encabezamiento o término embne
9 (RLIN) 11749
700 1# - ENTRADA AGREGADA--NOMBRE PERSONAL
Nombre de persona Jiménez de Asúa, Luis,
Fechas asociadas al nombre 1889-1970
9 (RLIN) 66491
830 0# - PUNTO DE ACCESO ADICIONAL DE SERIE-TÍTULO UNIFORME
Título uniforme Biblioteca jurídica de autores españoles y extranjeros ;
Designación de volumen o secuencia 49
9 (RLIN) 182228
852 ## - LOCALIZACIÓN
Ubicación ES-MaACL
Número de control de estantería E-3066
Holdings
Estatus retirado Estado de pérdida Estado de daño No para préstamo Biblioteca de origen Biblioteca actual Ubicación en estantería Fecha de adquisición Fuente de adquisición Total de préstamos Signatura topográfica completa Código de barras Visto por última vez Precio de reemplazo Tipo de ítem Koha
        Biblioteca del Ateneo de Madrid Biblioteca del Ateneo de Madrid Depósito 2 17/01/2008     E-3066 1115591 23/02/2023 23/02/2023 Libro impreso